كتاب الروضتين في أخبار الدولتين النووية و الصلاحية / (رقم التسجيلة. 24672)

تفاصيل مارك
000 -LEADER
fixed length control field 00736nam a22002057a 4500
005 - DATE AND TIME OF LATEST TRANSACTION
control field 20251108165315.0
008 - FIXED-LENGTH DATA ELEMENTS--GENERAL INFORMATION
fixed length control field 250721s1997 xx 000 0 ara d
082 14 - DEWEY DECIMAL CLASSIFICATION NUMBER
Classification number م/956.066/شام
100 1# - MAIN ENTRY--PERSONAL NAME
Personal name أبو شامه، شهاب الدين أبو محمد عبد الرحمن بن إسماعيل ...
Relator term مؤلف
245 10 - TITLE STATEMENT
Title كتاب الروضتين في أخبار الدولتين النووية و الصلاحية /
264 1# - PRODUCTION, PUBLICATION, DISTRIBUTION, MANUFACTURE, AND COPYRIGHT NOTICE
Place of production, publication, distribution, manufacture بيروت :
Name of producer, publisher, distributor, manufacturer مؤسسة الرسالة،
Date of production, publication, distribution, manufacture, or copyright notice 1997.
300 ## - PHYSICAL DESCRIPTION
Extent 5 ج.
650 17 - SUBJECT ADDED ENTRY--TOPICAL TERM
Topical term or geographic name as entry element بلاد الشام
650 17 - SUBJECT ADDED ENTRY--TOPICAL TERM
Topical term or geographic name as entry element التاريخ
650 17 - SUBJECT ADDED ENTRY--TOPICAL TERM
Topical term or geographic name as entry element الايوبيون 1174-1252
650 17 - SUBJECT ADDED ENTRY--TOPICAL TERM
Topical term or geographic name as entry element الزنكيون
650 17 - SUBJECT ADDED ENTRY--TOPICAL TERM
Topical term or geographic name as entry element التاريخ الاسلامي
942 ## - ADDED ENTRY ELEMENTS (KOHA)
Source of classification or shelving scheme Dewey Decimal Classification
Koha item type مراجع
المقتنيات
حالة السحب حالة الفقدان مصدر التصنيف حالة التلف غير قابل للإعارة المكتبة الرئيسية المكتبة الحالية موقع الرف تاريخ التزويد الرقم المتسلسل Total Checkouts رقم الإستدعاء الباركود تاريخ آخر ظهور تاريخ الفاتورة نوع المادة (كوها)
    Dewey Decimal Classification   Not For Loan مكتبة ومركز فرح مكتبة ومركز فرح مراجع 28/07/2025 1287571   م/956.066/شام PLD00086883 28/07/2025 28/07/2025 مراجع
    Dewey Decimal Classification   Not For Loan مكتبة ومركز فرح مكتبة ومركز فرح مراجع 12/05/2009 1287572   م/956.066/شام PLD00089199 28/07/2025 12/05/2009 مراجع
    Dewey Decimal Classification   Not For Loan مكتبة ومركز فرح مكتبة ومركز فرح مراجع 12/05/2009 1287573   م/956.066/شام PLD00089200 28/07/2025 12/05/2009 مراجع
    Dewey Decimal Classification   Not For Loan مكتبة ومركز فرح مكتبة ومركز فرح مراجع 12/05/2009 1287574   م/956.066/شام PLD00089201 28/07/2025 12/05/2009 مراجع
    Dewey Decimal Classification   Not For Loan مكتبة ومركز فرح مكتبة ومركز فرح مراجع 12/05/2009 1287575   م/956.066/شام PLD00089202 28/07/2025 12/05/2009 مراجع
Implemented & Customized by: BBB with SCIT (Smart Chains for Information Technology)

Powered by Koha